'M' Capitals Quiz Stats

 Plays Quiz Updated Jan 24, 2019

Support Sporcle.
Go Orange.
Score 0/19 Timer 05:00
5 Plays Today
Capital % Correct
Madrid
86.5%
Moscow
79.8%
Mexico City
79.5%
Monaco
65.8%
Manila
65.8%
Montevideo
61.9%
Minsk
61.1%
Managua
59.3%
Maputo
57.4%
Male
57.3%
Capital % Correct
Mogadishu
54%
Monrovia
51.9%
Manama
51.8%
Muscat
48%
Maseru
44%
Mbabane
43.1%
Majuro
41.4%
Malabo
40.8%
Moroni
39%

You're not logged in!

Compare scores with friends on all Sporcle quizzes.
OR
Log In
Forgot?

From the Vault

Black or Red Card Blitz

by timmylemoine1

Gaming 30s
Your score on this quiz says more about your reflexes than your ability to play cards well.
Remove Ads.
Support Sporcle.
Get the best of Sporcle when you Go Orange. This ad-free experience offers more features, more stats, and more fun while also helping to support Sporcle. Thank you for becoming a member.

Show Comments

Extras

Top Quizzes Today


Score Distribution

Your Account Isn't Verified!

In order to create a playlist on Sporcle, you need to verify the email address you used during registration. Go to your Sporcle Settings to finish the process.

Report this User

Report this user for behavior that violates our Community Guidelines.

Details: